000 00760pam a2200265 a 4500
001 3788199
003 OSt
005 20260422150121.0
008 841123s1986 caua b s001 0 eng
010 _a 84028000
020 _a0520053931
020 _a9780520053939
035 _a3788199
040 _aDLC
_cDLC
_dDLC
043 _aa-ii---
050 0 0 _aBL1216.2
_b.K56 1986
082 0 0 _a294.5/211
_219
100 1 _aKinsley, David R.
_91235400
245 1 0 _aHindu goddesses :
_bvisions of the divine feminine in the Hindu religious tradition /
_cDavid Kinsley.
260 _aBerkeley :
_bUniversity of California Press,
_c2005.
300 _aviii, 281 p.
650 0 _aHindu goddesses.
_91234922
942 _2CC
_cTEXL
_n0
999 _c1848384
_d1848384